Представление документа в формате MARC21

Поле Инд. ПП Название Значение
Тип записи a
Библиографический уровень a
001 Контрольный номер RU/IS/BASE/264552128
005 Дата корректировки 20240202162800.3
008 Кодируемые данные 19981014
040 00 e Правила каталог. Т 981014
084 a Индекс другой классификации/Индекс ББК 63.3(0)321.9; 63.443.21
090 00 a Полочн. индекс 63.3(0)3я43
x Авторский знак В 387
100 10 a Автор Кобылина М.
245 00 a Заглавие Открытия в Олинфе
650 04 a Основная рубрика история
653 00 a Ключевые слова археологические открытия
a Ключевые слова города
a Ключевые слова древний мир
a Ключевые слова Древняя Греция
a Ключевые слова здания
a Ключевые слова исследования
a Ключевые слова мозаика
a Ключевые слова настенная роспись
a Ключевые слова Олинф
a Ключевые слова постройки
a Ключевые слова раскопки
a Ключевые слова эллинизм
773 00 d Дата издания источника Москва, 1939
g Прочая информация Т.3(8), 4(9). - С. 200-210
t Заглавие источника Вестник древней истории
w Контрольный № источника RU/IS/BASE/101818640
901 t Тип документа a